000 00545nam a2200193Ia 4500
005 20250508155343.0
008 008 250505s9999 xx 000 0 eng d
037 _aBooks to be hide in OPAC
040 _aFEDL
_beng
_cFEDL
041 _aeng
_2eng
084 _a307.72, IND/O
_qFEDL
100 _aMenon C R B
245 0 _aRural credit scheme for India
260 _aBombay, India
_bOrient Longman Pvt. Ltd.
_c1961
300 _aiv,143p.
365 _aINR
_b3.05
942 _cHB
_h307.72, IND/O
999 _c1356256
_d1356256